01312nam a2200313Ia 4500001001200000003000800012006001900020007001500039008004100054020001800095040002100113035002100134050002300155245014000178260004300318300001900361490006500380504004100445533015200486650002500638650002800663655002900691700002300720700002900743710001700772830006600789856012600855999001700981ebr10255567CaPaEBRm u cr cn|||||||||060826s2001 si a sb 000 0 eng d z9789810247171 aCaPaEBRcCaPaEBR a(OCoLC)64676823014aQA316b.F35 2001eb00aNumerical methods for viscosity solutions and applicationsh[electronic resource] /ceditors, Maurizio Falcone, Charalampos Makridakis. aSingapore :bWorld Scientific,cc2001. a234 p. :bill.1 aSeries on advances in mathematics for applied sciences ;v59 aIncludes bibliographical references. aElectronic reproduction.bPalo Alto, Calif. :cebrary,d2011.nAvailable via World Wide Web.nAccess may be limited to ebrary affiliated libraries. 0aViscosity solutions. 0aCalculus of variations. 7aElectronic books.2local1 aFalcone, Maurizio.1 aMakridakis, Charalampos.2 aebrary, Inc. 0aSeries on advances in mathematics for applied sciences ;v59.40uhttp://site.ebrary.com/lib/rucke/Doc?id=10255567zAn electronic book accessible through the World Wide Web; click to view c14266d14266